Randomized Hangman - 9 Letters - Statistics

General Stats
  • This quiz has been taken 506 times
    104 since last reset
  • The average score is 4 of 9
Answer Stats
Code Word % Correct
A
100%
A
100%
A
100%
A
100%
A
100%
A
100%
A
100%
A
100%
A
100%
A
100%
A
100%
A
100%
A
100%
A
100%
A
100%
A
100%
A
100%
A
100%
Word B
100%
C
100%
C
100%
C
100%
C
100%
D
100%
D
100%
E
100%
E
100%
E
100%
E
100%
E
100%
E
100%
E
100%
E
100%
E
100%
E
100%
Word E
100%
E
100%
E
100%
Word E
100%
E
100%
E
100%
Word I
100%
I
100%
I
100%
I
100%
Word I
100%
I
100%
I
100%
Word I
100%
I
100%
K
100%
L
100%
L
100%
L
100%
Word L
100%
M
100%
N
100%
N
100%
N
100%
N
100%
N
100%
O
100%
O
100%
Word O
100%
O
100%
O
100%
R
100%
R
100%
R
100%
R
100%
S
100%
Word S
100%
S
100%
S
100%
S
100%
S
100%
T
100%
T
100%
T
100%
T
100%
T
100%
T
100%
T
100%
T
100%
U
100%
U
100%
V
100%
Y
100%
C
50%
H
50%
Word P
50%
R
50%
T
50%
T
50%
A
0%
Word A
0%
A
0%
A
0%
A
0%
A
0%
Word A
0%
A
0%
A
0%
A
0%
A
0%
A
0%
A
0%
A
0%
A
0%
A
0%
A
0%
A
0%
A
0%
A
0%
Word A
0%
A
0%
A
0%
Word A
0%
A
0%
A
0%
A
0%
A
0%
Word A
0%
A
0%
A
0%
A
0%
A
0%
A
0%
A
0%
A
0%
A
0%
A
0%
A
0%
A
0%
A
0%
Word A
0%
A
0%
A
0%
A
0%
A
0%
A
0%
A
0%
A
0%
A
0%
A
0%
A
0%
A
0%
A
0%
A
0%
A
0%
A
0%
A
0%
A
0%
A
0%
A
0%
A
0%
A
0%
A
0%
A
0%
A
0%
Word A
0%
A
0%
Word A
0%
A
0%
A
0%
A
0%
A
0%
A
0%
A
0%
A
0%
Word A
0%
Word A
0%
A
0%
A
0%
A
0%
A
0%
A
0%
A
0%
A
0%
Word A
0%
A
0%
A
0%
Word B
0%
B
0%
Word B
0%
Word B
0%
Word B
0%
B
0%
B
0%
Word B
0%
B
0%
B
0%
B
0%
B
0%
Word B
0%
B
0%
Word B
0%
B
0%
B
0%
B
0%
B
0%
B
0%
B
0%
B
0%
B
0%
B
0%
B
0%
B
0%
Word B
0%
C
0%
C
0%
C
0%
C
0%
C
0%
C
0%
C
0%
C
0%
C
0%
C
0%
C
0%
C
0%
Word C
0%
C
0%
Word C
0%
Word C
0%
C
0%
C
0%
C
0%
C
0%
Word C
0%
C
0%
C
0%
C
0%
C
0%
C
0%
C
0%
C
0%
C
0%
C
0%
C
0%
C
0%
C
0%
D
0%
D
0%
D
0%
D
0%
D
0%
D
0%
D
0%
D
0%
D
0%
D
0%
D
0%
D
0%
D
0%
D
0%
Word D
0%
D
0%
D
0%
D
0%
D
0%
D
0%
Word D
0%
D
0%
D
0%
D
0%
D
0%
D
0%
D
0%
D
0%
D
0%
D
0%
Word D
0%
D
0%
E
0%
E
0%
E
0%
E
0%
E
0%
E
0%
E
0%
E
0%
E
0%
E
0%
Word E
0%
E
0%
E
0%
E
0%
E
0%
E
0%
E
0%
E
0%
E
0%
E
0%
E
0%
E
0%
E
0%
E
0%
Word E
0%
E
0%
Word E
0%
E
0%
E
0%
Word E
0%
E
0%
E
0%
E
0%
E
0%
E
0%
E
0%
E
0%
E
0%
E
0%
E
0%
E
0%
E
0%
E
0%
E
0%
Word E
0%
E
0%
E
0%
Word E
0%
E
0%
E
0%
E
0%
E
0%
E
0%
E
0%
E
0%
E
0%
E
0%
E
0%
E
0%
E
0%
E
0%
E
0%
E
0%
E
0%
E
0%
E
0%
E
0%
E
0%
E
0%
E
0%
E
0%
E
0%
Word E
0%
E
0%
E
0%
E
0%
E
0%
E
0%
E
0%
Word E
0%
E
0%
E
0%
E
0%
E
0%
E
0%
E
0%
E
0%
E
0%
E
0%
E
0%
Word E
0%
E
0%
Word E
0%
E
0%
E
0%
E
0%
E
0%
E
0%
E
0%
E
0%
E
0%
E
0%
E
0%
E
0%
E
0%
E
0%
E
0%
Word F
0%
F
0%
F
0%
F
0%
F
0%
Word F
0%
F
0%
Word F
0%
F
0%
F
0%
F
0%
F
0%
G
0%
G
0%
G
0%
Word G
0%
G
0%
G
0%
G
0%
G
0%
G
0%
G
0%
G
0%
Word G
0%
G
0%
G
0%
G
0%
G
0%
G
0%
G
0%
G
0%
G
0%
G
0%
G
0%
G
0%
G
0%
G
0%
G
0%
G
0%
G
0%
H
0%
H
0%
H
0%
H
0%
H
0%
H
0%
H
0%
H
0%
H
0%
H
0%
Word H
0%
H
0%
Word H
0%
H
0%
Word H
0%
H
0%
Word H
0%
H
0%
H
0%
H
0%
H
0%
H
0%
H
0%
H
0%
H
0%
H
0%
H
0%
H
0%
I
0%
I
0%
I
0%
I
0%
I
0%
I
0%
I
0%
I
0%
I
0%
I
0%
I
0%
I
0%
I
0%
I
0%
Word I
0%
I
0%
I
0%
I
0%
I
0%
I
0%
I
0%
I
0%
I
0%
I
0%
I
0%
I
0%
I
0%
I
0%
I
0%
I
0%
I
0%
I
0%
I
0%
I
0%
I
0%
I
0%
Word I
0%
I
0%
I
0%
I
0%
I
0%
I
0%
I
0%
Word I
0%
I
0%
I
0%
I
0%
Word I
0%
I
0%
I
0%
I
0%
I
0%
I
0%
I
0%
Word J
0%
Word J
0%
Word J
0%
J
0%
K
0%
K
0%
K
0%
K
0%
K
0%
K
0%
K
0%
K
0%
K
0%
K
0%
Word K
0%
K
0%
K
0%
K
0%
K
0%
K
0%
L
0%
L
0%
L
0%
L
0%
L
0%
L
0%
L
0%
L
0%
L
0%
L
0%
L
0%
L
0%
L
0%
L
0%
L
0%
L
0%
L
0%
L
0%
L
0%
L
0%
L
0%
L
0%
L
0%
L
0%
L
0%
Word L
0%
L
0%
L
0%
L
0%
L
0%
L
0%
L
0%
L
0%
Word L
0%
L
0%
L
0%
L
0%
L
0%
L
0%
Word L
0%
Word L
0%
L
0%
Word L
0%
Word L
0%
L
0%
L
0%
L
0%
L
0%
L
0%
Word L
0%
L
0%
L
0%
L
0%
Word M
0%
Word M
0%
M
0%
M
0%
M
0%
M
0%
M
0%
Word M
0%
M
0%
M
0%
M
0%
M
0%
M
0%
Word M
0%
M
0%
M
0%
M
0%
N
0%
N
0%
N
0%
N
0%
N
0%
N
0%
N
0%
N
0%
N
0%
N
0%
N
0%
N
0%
N
0%
N
0%
N
0%
N
0%
N
0%
N
0%
N
0%
N
0%
Word N
0%
Word N
0%
N
0%
N
0%
N
0%
N
0%
N
0%
N
0%
N
0%
N
0%
N
0%
N
0%
N
0%
N
0%
N
0%
N
0%
N
0%
N
0%
N
0%
N
0%
N
0%
N
0%
N
0%
N
0%
N
0%
Word N
0%
N
0%
N
0%
Word N
0%
N
0%
N
0%
N
0%
N
0%
Word N
0%
N
0%
N
0%
N
0%
N
0%
N
0%
N
0%
N
0%
Word N
0%
N
0%
N
0%
N
0%
Word N
0%
N
0%
N
0%
N
0%
O
0%
O
0%
O
0%
O
0%
O
0%
O
0%
O
0%
O
0%
O
0%
O
0%
O
0%
O
0%
O
0%
O
0%
O
0%
O
0%
O
0%
O
0%
O
0%
O
0%
O
0%
O
0%
O
0%
O
0%
O
0%
O
0%
O
0%
O
0%
O
0%
O
0%
O
0%
O
0%
O
0%
O
0%
O
0%
O
0%
O
0%
O
0%
O
0%
O
0%
O
0%
O
0%
Word O
0%
O
0%
O
0%
O
0%
O
0%
O
0%
O
0%
O
0%
O
0%
O
0%
O
0%
O
0%
O
0%
O
0%
O
0%
O
0%
O
0%
P
0%
P
0%
P
0%
P
0%
Word P
0%
P
0%
P
0%
Word P
0%
P
0%
P
0%
P
0%
P
0%
Word P
0%
P
0%
P
0%
P
0%
P
0%
P
0%
P
0%
P
0%
P
0%
P
0%
P
0%
P
0%
P
0%
P
0%
Word Q
0%
Q
0%
Q
0%
R
0%
R
0%
R
0%
R
0%
R
0%
R
0%
R
0%
R
0%
R
0%
Word R
0%
R
0%
R
0%
R
0%
R
0%
R
0%
R
0%
R
0%
R
0%
R
0%
R
0%
R
0%
R
0%
R
0%
R
0%
R
0%
R
0%
R
0%
R
0%
R
0%
R
0%
R
0%
R
0%
R
0%
R
0%
R
0%
R
0%
R
0%
R
0%
R
0%
R
0%
R
0%
R
0%
R
0%
R
0%
Word R
0%
R
0%
R
0%
R
0%
R
0%
R
0%
R
0%
R
0%
R
0%
R
0%
R
0%
R
0%
R
0%
Word R
0%
R
0%
R
0%
R
0%
R
0%
R
0%
R
0%
R
0%
Word R
0%
R
0%
R
0%
R
0%
R
0%
R
0%
R
0%
R
0%
R
0%
R
0%
Word R
0%
R
0%
R
0%
R
0%
S
0%
S
0%
S
0%
S
0%
Word S
0%
S
0%
Word S
0%
S
0%
Word S
0%
S
0%
S
0%
S
0%
S
0%
S
0%
S
0%
S
0%
S
0%
S
0%
S
0%
S
0%
S
0%
S
0%
S
0%
S
0%
S
0%
S
0%
S
0%
S
0%
S
0%
S
0%
S
0%
Word S
0%
S
0%
S
0%
S
0%
S
0%
S
0%
S
0%
S
0%
S
0%
S
0%
S
0%
S
0%
S
0%
S
0%
S
0%
S
0%
S
0%
S
0%
S
0%
S
0%
S
0%
S
0%
S
0%
Word S
0%
S
0%
S
0%
S
0%
Word S
0%
T
0%
T
0%
T
0%
T
0%
T
0%
Word T
0%
T
0%
T
0%
T
0%
Word T
0%
T
0%
T
0%
T
0%
T
0%
T
0%
T
0%
Word T
0%
T
0%
T
0%
T
0%
T
0%
T
0%
T
0%
T
0%
T
0%
T
0%
T
0%
T
0%
Word T
0%
T
0%
T
0%
T
0%
T
0%
T
0%
T
0%
T
0%
T
0%
T
0%
T
0%
T
0%
T
0%
T
0%
T
0%
Word T
0%
T
0%
T
0%
T
0%
U
0%
U
0%
U
0%
U
0%
Word U
0%
U
0%
U
0%
U
0%
U
0%
U
0%
U
0%
U
0%
U
0%
U
0%
U
0%
U
0%
U
0%
U
0%
U
0%
U
0%
U
0%
U
0%
U
0%
U
0%
Word U
0%
U
0%
U
0%
Word V
0%
V
0%
V
0%
Word V
0%
Word V
0%
V
0%
V
0%
Word V
0%
V
0%
V
0%
V
0%
V
0%
V
0%
V
0%
Word W
0%
W
0%
W
0%
Word W
0%
W
0%
Word W
0%
W
0%
W
0%
W
0%
W
0%
W
0%
W
0%
W
0%
X
0%
X
0%
X
0%
Y
0%
Y
0%
Y
0%
Y
0%
Y
0%
Word Y
0%
Y
0%
Y
0%
Y
0%
Y
0%
Y
0%
Y
0%
Z
0%
Z
0%
Z
0%
Z
0%
No matching quizzes found
Score Distribution
Percent of People with Each Score
Percentile by Number Answered
Your Score History
You have not taken this quiz since the last reset